Statistics for All superbowl winners from 1967-2023

Click here to take the quiz!

General Stats

  • This quiz has been taken 233 times
  • The average score is 51 of 57

Answer Stats

HintAnswer% Correct
2023chiefs
98%
2020chiefs
98%
1970chiefs
98%
1968Packers
95%
2011packers
95%
1997packers
95%
1967Packers
95%
2005patriots
95%
2019patriots
95%
2017patriots
95%
2002patriots
95%
2015patriots
95%
2004patriots
95%
2022rams
93%
2000rams
93%
1971colts/ravens
92%
1975steelers
92%
1976steelers
92%
1979steelers
92%
1980steelers
92%
2009steelers
92%
2006steelers
92%
199549ers
91%
199049ers
91%
198949ers
91%
198249ers
91%
198549ers
91%
1998broncos
89%
2016broncos
89%
1999broncos
89%
1974dolphins
89%
1973dolphins
89%
2018eagles
89%
2001ravens
89%
2013ravens
89%
1996cowboys
88%
1978cowboys
88%
1972cowboys
88%
1993cowboys
88%
1994cowboys
88%
1991giants
87%
2008giants
87%
1987giants
87%
2012giants
87%
1969Jets
86%
1986bears
84%
1984Chargers/raiders
84%
2014seahawks
84%
2007colts
83%
1981raiders
81%
1977raiders
81%
2010saints
81%
1988redskins/commanders
79%
1983redskins/commanders
79%
1992redskins/commanders
79%
2003bucs
64%
2021bucs
64%

Score Distribution

Percentile by Number Answered

Percent of People with Each Score

Your Score History

You have not taken this quiz